000 00865nam a22002897a 4500
003 CHAP
005 20220329135845.0
008 971013s1942 r 00010 d
010 _a43380
011 _a44352
035 _a48490
040 _cCHAP
082 _a595.7
_bF76g
100 0 0 _aFrost, Stewart Ward.
_943581
245 _aGeneral entomology
260 _aNew York :
_bMcGraw-Hill,
_c1942
300 _a524 p.
_b: ilus.
590 _aBATCH-UPD
_b10
_c20130110
_lUCH01
_h2105
590 _aBATCH-UPD
_b10
_c20130410
_lUCH01
_h1417
590 _aBATCH-UPD
_b10
_c20130914
_lUCH01
_h1314
590 _aCONVERSION
_b10
_c20130109
_lUCH01
_h1324
650 1 4 _aEntomología.
_937113
901 _aBK
942 _cLIBRO
949 _a595.7 F76g
_bBC
_cLIBRO
_d-109788
_eLIBRO
_h26990
_i48490
_si
949 _a595.7 F76g
_bBC
_cLIBRO
_d-109789
_eLIBRO
_fc.2
_h26991
_i48490
_si
999 _c43380
_d43380